Ο άνθρωπος πλάθει τον εαυτό του
Αποθηκεύτηκε σε:
| Κύριος συγγραφέας: | |
|---|---|
| Άλλοι συγγραφείς: | , |
| Μορφή: | Βιβλίο |
| Γλώσσα: | Greek |
| Δημοσίευση: |
[Αθήνα] :
Ράππας,
[1981]
|
| Σειρά: | Προβλήματα του καιρού μας (Ράππας)
|
| Θέματα: | |
| Ετικέτες: |
Προσθήκη ετικέτας
Δεν υπάρχουν, Καταχωρήστε ετικέτα πρώτοι!
|
MARC
| LEADER | 00000nam a2200000 i 4500 | ||
|---|---|---|---|
| 001 | 1/21031 | ||
| 008 | 961001s1981 gre d | ||
| 035 | |a 1986 |b 3 |c Τσιάκαλος |l 10036188 | ||
| 040 | |a GR-MY-UA |b gre |e aacr | ||
| 041 | 0 | |a gre | |
| 082 | 0 | |a 930 | |
| 100 | 1 | |a Childe, V. Gordon |q (Vere Gordon) |d 1892-1957. | |
| 245 | 1 | 2 | |a Ο άνθρωπος πλάθει τον εαυτό του / |c Β. Γκόρντον Τσάϊλντ ; πρόλογος Γκλύν Ντάνιελ ; μετάφραση Λουκάς Θεοδωρακόπουλος |
| 260 | |a [Αθήνα] : |b Ράππας, |c [1981] | ||
| 300 | |a 344 σ. | ||
| 490 | 1 | |a Προβλήματα του καιρού μας | |
| 580 | |a Translation of: Man makes himself | ||
| 650 | 0 | 0 | |a Civilization, Ancient. |
| 650 | 0 | 0 | |a Archaeology. |
| 650 | 0 | 0 | |a Prehistoric peoples. |
| 650 | 0 | 0 | |a Progress. |
| 700 | 1 | |a Daniel, Glyn Edmund. | |
| 700 | 1 | |a Θεοδωρακόπουλος, Λουκάς, |d 1925-2013. |4 trl | |
| 730 | 0 | |a Man makes himself. | |
| 830 | 0 | |a Προβλήματα του καιρού μας (Ράππας) | |
| 852 | |a INST |b RHODES |e 19961001 |h 930 CHI |p 005400009028 |q 005400009028 |t BK |y 0 | ||
| 909 | |a Ρ |b 003297 |c 1986 | ||